North American Sports Champions 1990's - Statistics

General Stats
  • This quiz has been taken 302 times
  • The average score is 19 of 25
Answer Stats
Team % Correct
Chicago Bulls
97%
New York Yankees
96%
Dallas Cowboys
89%
Houston Rockets
84%
Denver Broncos
82%
Detroit Pistons
82%
New York Giants
82%
Cincinnati Reds
81%
San Antonio Spurs
81%
San Francisco 49ers
81%
Detroit Red Wings
79%
Green Bay Packers
79%
New York Rangers
78%
Montreal Canadiens
76%
Pittsburgh Penguins
74%
Washington Redskins
74%
Atlanta Braves
73%
St. Louis Rams
73%
Edmonton Oilers
69%
Toronto Blue Jays
68%
Florida Marlins
67%
Minnesota Twins
63%
New Jersey Devils
63%
Dallas Stars
61%
Colorado Avalanche
59%
No matching quizzes found
Score Distribution
Percent of People with Each Score
Percentile by Number Answered
Your Score History
You have not taken this quiz